[Event "Stay Safe Play From Home 294"]
[Site "Emanuel Lasker Arena"]
[Date "2020.07.10"]
[Round "2"]
[White "Position"]
[Black "Patzeroglu"]
[Result "1-0"]
[WhiteElo "2183"]
[BlackElo "1921"]
[Annotator "TA"]
[PlyCount "69"]
[EventDate "2020.07.10"]
[EventType "swiss (blitz)"]

{[%evp 14,69,12,9,14,9,19,-3,6,-6,-10,-8,-5,-8,0,-27,-20,-18,-22,-19,-12,-16,-10,-18,13,0,15,16,161,68,118,93,162,160,172,133,133,128,133,143,253,143,155,142,97,123,183,198,400,208,399,192,193,119,114,12,963,941]} 1. e4 c5 2. Nf3 Nf6 3. e5 Nd5 4. c3 Nc6 5. d4 cxd4 6. cxd4 e6 7. Nc3 d6 8. Bb5 Be7 {B22: Sicilian: 2 c3.} 9. O-O O-O {[#]} 10. Bd2 $146 (10. Bd3 {feels hotter.} dxe5 11. dxe5 Nxc3 12. bxc3 Qc7 13. Qc2) ({Predecessor:} 10. Qe2 Bd7 11. Rd1 Nxc3 12. bxc3 Qa5 13. exd6 Bf6 14. Bd2 Qa3 {½-½ (15) Walek,M (2344)-Konopka,M (2433) Czechia 2009}) 10... Nxc3 {The position is equal.} 11. bxc3 dxe5 12. Bxc6 bxc6 13. Nxe5 Qd5 14. Be3 Ba6 15. Re1 f6 16. Nf3 Bc4 17. Nd2 Bd3 ({Don't blunder} 17... Bxa2 $2 18. Qa4 $18) 18. Qa4 Bb5 19. Qc2 {Black must now prevent c4.} Bc4 20. Bf4 g5 {[#]} (20... c5 $11 {and Black is okay.}) 21. Bg3 (21. Bxg5 $1 $18 {[%mdl 512]} Ba6 (21... Qxg5 22. Nxc4) 22. Bh6) 21... Kg7 22. Re3 {Rae1 is the strong threat.} Rae8 (22... c5 $16) 23. Rae1 $18 Bd8 24. Qa4 Bb5 25. Qxa7+ Rf7 26. Qa3 e5 {[#]} (26... h5 $16 {was necessary.}) 27. c4 $1 {[%mdl 512]} Bxc4 $16 28. Nxc4 Qxc4 29. dxe5 fxe5 (29... f5 $16 {keeps fighting.}) 30. Bxe5+ $18 Kg6 $2 (30... Kg8 31. Bd4 Rfe7) 31. Qd6+ (31. Rc1 $142 Qd5 32. Qb2) 31... Qe6 $2 (31... Bf6 32. Qd2 Bxe5 33. Rxe5 Rxe5 34. Rxe5 h6) 32. Qd3+ (32. Qd1 $142 Qd7 33. Rd3) 32... Qf5 {aiming for ...Rxe5.} 33. Qxf5+ ({Better is} 33. Qc4 $18) 33... Kxf5 $16 34. Bg3 (34. h3 $16) 34... Kg6 $2 {[%mdl 8192]} (34... Rxe3 $11 35. Rxe3 (35. fxe3 Ke4 $15) 35... Bf6) 35. Rxe8 {Accuracy: White = 42%, Black = 46%.} 1-0

[Event "Stay Safe Play From Home 294"]
[Site "Emanuel Lasker Arena"]
[Date "2020.07.10"]
[Round "2"]
[White "Don59as"]
[Black "Bishop91"]
[Result "1-0"]
[WhiteElo "2004"]
[BlackElo "1745"]
[Annotator "NA"]
[PlyCount "94"]
[EventDate "2020.07.10"]
[EventType "swiss (blitz)"]

1. c4 {[%emt 0:00:03]} Nf6 {[%emt 0:00:02]} 2. Nc3 {[%emt 0:00:04]} e6 {[%emt 0:00:00]} 3. e4 {[%emt 0:00:01]} Be7 {[%emt 0:00:00]} 4. g3 {[%emt 0:00:02]} d6 {[%emt 0:00:01]} 5. Bg2 {[%emt 0:00:01]} O-O {[%emt 0:00:00]} 6. Nge2 {[%emt 0:00:00]} e5 {[%emt 0:00:00]} 7. d4 {[%emt 0:00:01]} Nc6 {[%emt 0:00:04]} 8. h3 {[%emt 0:00:02]} Re8 {[%emt 0:00:12]} 9. O-O {[%emt 0:00:03]} Bf8 {[%emt 0:00:01]} 10. Re1 {[%emt 0:00:02]} Ne7 {[%emt 0:00:06]} 11. b3 {[%emt 0:00:01]} Ng6 {[%emt 0:00:01]} 12. Bb2 {[%emt 0:00:01]} c5 {[%emt 0:00:03]} 13. dxc5 {[%emt 0:00:04]} dxc5 {[%emt 0:00:01]} 14. Nd5 {[%emt 0:00:01]} Be6 {[%emt 0:00:06]} 15. Qd2 {[%emt 0:00:06]} Qc8 {[%emt 0:00:05]} 16. Kh2 {[%emt 0:00:02]} Be7 {[%emt 0:00:14]} 17. Nxe7+ {[%emt 0:00:09]} Rxe7 {[%emt 0:00:08]} 18. Nc3 {[%emt 0:00:01]} Rd7 {[%emt 0:00:07]} 19. Nd5 {[%emt 0:00:01]} Bxd5 {[%emt 0:00:12]} 20. exd5 {[%emt 0:00:04]} Qc7 {[%emt 0:00:01]} 21. Qg5 {[%emt 0:00:13]} h6 {[%emt 0:00:05]} 22. Qf5 {[%emt 0:00:02]} Re8 {[%emt 0:00:02]} 23. Re2 {[%emt 0:00:07]} Rde7 {[%emt 0:00:08]} 24. Rae1 {[%emt 0:00:04]} Qd6 {[%emt 0:00:01]} 25. h4 {[%emt 0:00:07]} h5 {[%emt 0:00:05]} 26. Bf3 {[%emt 0:00:05]} b5 {[%emt 0:00:10]} 27. Bxh5 {[%emt 0:00:02]} Nxh5 {[%emt 0:00:08]} 28. Qxh5 {[%emt 0:00:01]} bxc4 {[%emt 0:00:02]} 29. bxc4 {[%emt 0:00:01]} a5 {[%emt 0:00:17]} 30. Qg4 {[%emt 0:00:11]} Rb8 {[%emt 0:00:06]} 31. h5 {[%emt 0:00:05]} Nf8 {[%emt 0:00:53]} 32. Bxe5 {[%emt 0:00:05]} Rxe5 {[%emt 0:00:01]} 33. Rxe5 {[%emt 0:00:01]} Rb2 {[%emt 0:00:00]} 34. R5e2 {[%emt 0:00:01]} Rb4 {[%emt 0:00:02]} 35. Re8 {[%emt 0:00:08]} Qxd5 {[%emt 0:00:07]} 36. cxd5 {[%emt 0:00:31]} Rxg4 {[%emt 0:00:03]} 37. Rc8 {[%emt 0:00:01]} Rg5 {[%emt 0:00:05]} 38. Ree8 {[%emt 0:00:05]} Rxh5+ {[%emt 0:00:03]} 39. Kg2 {[%emt 0:00:01]} Rxd5 {[%emt 0:00:00]} 40. Rxf8+ {[%emt 0:00:01]} Kh7 {[%emt 0:00:00]} 41. Rxf7 {[%emt 0:00:01]} Rd2 {[%emt 0:00:02]} 42. Rxc5 {[%emt 0:00:08]} Rxa2 {[%emt 0:00:00]} 43. Ra7 {[%emt 0:00:02]} a4 {[%emt 0:00:01]} 44. Rca5 {[%emt 0:00:01]} Re2 {[%emt 0:00:02]} 45. Rxa4 {[%emt 0:00:01]} Re6 {[%emt 0:00:01]} 46. Rg4 {[%emt 0:00:01]} Rg6 {[%emt 0:00:07]} 47. Rxg6 {[%emt 0:00:01]} Kxg6 {[%emt 0:00:00] Bishop91 resigns (Lag: Av=0.48s, max=1.3s)} 1-0

[Event "Stay Safe Play From Home 294"]
[Site "Emanuel Lasker Arena"]
[Date "2020.07.10"]
[Round "2"]
[White "Lucknow"]
[Black "Haxhi Baha"]
[Result "0-1"]
[WhiteElo "1913"]
[BlackElo "2056"]
[PlyCount "78"]
[EventDate "2020.07.10"]
[EventType "swiss (blitz)"]

1. d4 {[%emt 0:00:02]} d5 {[%emt 0:00:02]} 2. c4 {[%emt 0:00:02]} e5 {[%emt 0:00:01]} 3. dxe5 {[%emt 0:00:01]} d4 {[%emt 0:00:00]} 4. Nf3 {[%emt 0:00:01]} Nc6 {[%emt 0:00:01]} 5. g3 {[%emt 0:00:01]} Nge7 {[%emt 0:00:01]} 6. Bg2 {[%emt 0:00:01]} Ng6 {[%emt 0:00:04]} 7. Nbd2 {[%emt 0:00:03]} Bg4 {[%emt 0:00:01]} 8. O-O {[%emt 0:00:02]} Qd7 {[%emt 0:00:01]} 9. Qa4 {[%emt 0:00:01]} O-O-O {[%emt 0:00:07]} 10. a3 {[%emt 0:00:01]} Bh3 {[%emt 0:00:02]} 11. b4 {[%emt 0:00:05]} Bxg2 {[%emt 0:00:19]} 12. Kxg2 {[%emt 0:00:00]} Qg4 {[%emt 0:00:07]} 13. b5 {[%emt 0:00:28]} Ncxe5 {[%emt 0:00:56]} 14. Bb2 {[%emt 0:00:12]} Bc5 {[%emt 0:00:18]} 15. Qb3 {[%emt 0:00:17]} f6 {[%emt 0:00:46]} 16. a4 {[%emt 0:00:42]} Nf4+ {[%emt 0:00:16]} 17. Kg1 {[%emt 0:00:17]} Nxe2+ {[%emt 0:00:00]} 18. Kh1 {[%emt 0:00:10]} d3 {[%emt 0:00:01]} 19. Nxe5 {[%emt 0:00:21]} fxe5 {[%emt 0:00:00]} 20. Bxe5 {[%emt 0:00:01]} Bd4 {[%emt 0:00:31]} 21. Bxd4 {[%emt 0:00:14]} Rxd4 {[%emt 0:00:01]} 22. f3 {[%emt 0:00:06]} Qh3 {[%emt 0:00:02]} 23. Rg1 {[%emt 0:00:17]} Rf8 {[%emt 0:00:04]} 24. Raf1 {[%emt 0:00:03]} Nxg1 {[%emt 0:00:01]} 25. Kxg1 {[%emt 0:00:00]} Re8 {[%emt 0:00:02]} 26. Ne4 {[%emt 0:00:04]} d2 {[%emt 0:00:02]} 27. Rd1 {[%emt 0:00:06]} Rexe4 {[%emt 0:00:02]} 28. fxe4 {[%emt 0:00:02]} Qg4 {[%emt 0:00:01]} 29. Kf2 {[%emt 0:00:03]} Rxe4 {[%emt 0:00:02]} 30. Rxd2 {[%emt 0:00:04]} Re6 {[%emt 0:00:01]} 31. Kg2 {[%emt 0:00:08]} Rf6 {[%emt 0:00:01]} 32. Qd3 {[%emt 0:00:01]} b6 {[%emt 0:00:04]} 33. c5 {[%emt 0:00:02]} bxc5 {[%emt 0:00:02]} 34. Qd8+ {[%emt 0:00:02]} Kb7 {[%emt 0:00:01]} 35. Qd5+ {[%emt 0:00:00]} Kb6 {[%emt 0:00:00]} 36. Qd3 {[%emt 0:00:04]} Qf5 {[%emt 0:00:02]} 37. h4 {[%emt 0:00:04]} Qxd3 {[%emt 0:00:01]} 38. Rxd3 {[%emt 0:00:02]} Rd6 {[%emt 0:00:00]} 39. Kh3 {[%emt 0:00:00]} Rxd3 {[%emt 0:00:01] Lucknow gibt auf (Lag: Av=0.92s, max=1.5s)} 0-1

[Event "Stay Safe Play From Home 294"]
[Site "Emanuel Lasker Arena"]
[Date "2020.07.10"]
[Round "2"]
[White "Grizzzly"]
[Black "Timbre"]
[Result "1-0"]
[WhiteElo "1744"]
[BlackElo "1615"]
[Annotator "NA"]
[PlyCount "69"]
[EventDate "2020.07.10"]
[EventType "swiss (blitz)"]

1. d4 {[%emt 0:00:01]} d5 {[%emt 0:00:02]} 2. c4 {[%emt 0:00:05]} c6 {[%emt 0:00:01]} 3. cxd5 {[%emt 0:00:02]} cxd5 {[%emt 0:00:02]} 4. Bg5 {[%emt 0:00:01]} Nc6 {[%emt 0:00:01]} 5. Nf3 {[%emt 0:00:04]} Nf6 {[%emt 0:00:01]} 6. e3 {[%emt 0:00:02]} e6 {[%emt 0:00:01]} 7. Nc3 {[%emt 0:00:01]} Be7 {[%emt 0:00:01]} 8. Rc1 {[%emt 0:00:02]} a6 {[%emt 0:00:02]} 9. Bd3 {[%emt 0:00:09]} O-O {[%emt 0:00:02]} 10. O-O {[%emt 0:00:02]} Nh5 {[%emt 0:00:01]} 11. Bxe7 {[%emt 0:00:15]} Qxe7 {[%emt 0:00:01]} 12. Ne5 {[%emt 0:00:22]} Nxe5 {[%emt 0:00:07]} 13. Bxh7+ {[%emt 0:00:07]} Kxh7 {[%emt 0:00:04]} 14. Qxh5+ {[%emt 0:00:03]} Kg8 {[%emt 0:00:01]} 15. Qxe5 {[%emt 0:00:02]} Bd7 {[%emt 0:00:02]} 16. Nxd5 {[%emt 0:00:14]} Qd8 {[%emt 0:00:05]} 17. Nf4 {[%emt 0:00:13]} Bc6 {[%emt 0:00:05]} 18. Nh5 {[%emt 0:00:18]} f6 {[%emt 0:00:18]} 19. Qxe6+ {[%emt 0:00:02]} Kh8 {[%emt 0:00:02]} 20. Rc5 {[%emt 0:00:14]} Re8 {[%emt 0:00:03]} 21. Qh3 {[%emt 0:00:12]} Kg8 {[%emt 0:00:06]} 22. Nf4 {[%emt 0:00:17]} Qe7 {[%emt 0:00:09]} 23. Rh5 {[%emt 0:00:02]} Qe4 {[%emt 0:00:15]} 24. Rh8+ {[%emt 0:00:06]} Kf7 {[%emt 0:00:03]} 25. Qh5+ {[%emt 0:00:01]} Ke7 {[%emt 0:00:03]} 26. Rxe8+ {[%emt 0:00:18]} Rxe8 {[%emt 0:00:04]} 27. Qg6 {[%emt 0:00:02]} Qxg6 {[%emt 0:00:09]} 28. Nxg6+ {[%emt 0:00:01]} Kf7 {[%emt 0:00:01]} 29. Nf4 {[%emt 0:00:00]} g5 {[%emt 0:00:04]} 30. Nd3 {[%emt 0:00:02]} f5 {[%emt 0:00:05]} 31. Ne5+ {[%emt 0:00:02]} Kf6 {[%emt 0:00:07]} 32. Nxc6 {[%emt 0:00:09]} bxc6 {[%emt 0:00:02]} 33. Rc1 {[%emt 0:00:00]} Re6 {[%emt 0:00:02]} 34. Rc5 {[%emt 0:00:01]} Rd6 {[%emt 0:00:02]} 35. Ra5 {[%emt 0:00:03] Timbre resigns (Lag: Av=0.41s, max=0.5s)} 1-0

[Event "Stay Safe Play From Home 294"]
[Site "Emanuel Lasker Arena"]
[Date "2020.07.10"]
[Round "2"]
[White "Maxe11"]
[Black "Bellbox"]
[Result "0-1"]
[WhiteElo "1733"]
[BlackElo "1912"]
[Annotator "NA"]
[PlyCount "24"]
[EventDate "2020.07.10"]
[EventType "swiss (blitz)"]

1. d4 {[%emt 0:00:02]} f5 {[%emt 0:00:01]} 2. e4 {[%emt 0:00:02]} fxe4 {[%emt 0:00:01]} 3. Nc3 {[%emt 0:00:01]} Nf6 {[%emt 0:00:00]} 4. Bg5 {[%emt 0:00:01]} Nc6 {[%emt 0:00:01]} 5. d5 {[%emt 0:00:03]} Ne5 {[%emt 0:00:01]} 6. Bxf6 {[%emt 0:00:01]} exf6 {[%emt 0:00:01]} 7. Nxe4 {[%emt 0:00:00]} f5 {[%emt 0:00:00]} 8. Nd2 {[%emt 0:00:05]} Bc5 {[%emt 0:00:02]} 9. Ngf3 {[%emt 0:00:03]} Ng4 {[%emt 0:00:01]} 10. Qe2+ {[%emt 0:00:08]} Kf7 {[%emt 0:00:01]} 11. Ne5+ {[%emt 0:00:04]} Nxe5 {[%emt 0:00:01]} 12. Qxe5 {[%emt 0:00:02]} Re8 {[%emt 0:00:01] Maxe11 gibt auf (Lag: Av=0.73s, max=1.2s)} 0-1

[Event "Stay Safe Play From Home 294"]
[Site "Emanuel Lasker Arena"]
[Date "2020.07.10"]
[Round "2"]
[White "Klasman"]
[Black "Dukic"]
[Result "0-1"]
[WhiteElo "1618"]
[BlackElo "1842"]
[Annotator "NA"]
[PlyCount "30"]
[EventDate "2020.07.10"]
[EventType "swiss (blitz)"]

1. f4 {[%emt 0:00:04]} d6 {[%emt 0:00:02]} 2. e4 {[%emt 0:00:03]} Nd7 {[%emt 0:00:01]} 3. Nf3 {[%emt 0:00:03]} e5 {[%emt 0:00:02]} 4. d4 {[%emt 0:00:02]} Qe7 {[%emt 0:00:05]} 5. dxe5 {[%emt 0:00:02]} dxe5 {[%emt 0:00:02]} 6. Nc3 {[%emt 0:00:07]} c6 {[%emt 0:00:04]} 7. Bc4 {[%emt 0:00:03]} h6 {[%emt 0:00:07]} 8. Be3 {[%emt 0:00:02]} Ngf6 {[%emt 0:00:02]} 9. fxe5 {[%emt 0:00:08]} Nxe5 {[%emt 0:00:02]} 10. Nxe5 {[%emt 0:00:05]} Qxe5 {[%emt 0:00:02]} 11. O-O {[%emt 0:00:02]} Bc5 {[%emt 0:00:18]} 12. Qd2 {[%emt 0:00:21]} O-O {[%emt 0:00:08]} 13. Kh1 {[%emt 0:00:20]} b5 {[%emt 0:01:14]} 14. Bd3 {[%emt 0:00:23]} Ng4 {[%emt 0:00:10]} 15. Bxc5 {[%emt 0:00:20]} Qxh2# {[%emt 0:00:04] (Lag: Av=0.44s, max=0.8s)} 0-1

[Event "Stay Safe Play From Home 294"]
[Site "Emanuel Lasker Arena"]
[Date "2020.07.10"]
[Round "2"]
[White "Justwatch"]
[Black "Edmatuag"]
[Result "0-1"]
[WhiteElo "1292"]
[BlackElo "1740"]
[Annotator "NA"]
[PlyCount "67"]
[EventDate "2020.07.10"]
[EventType "swiss (blitz)"]

1. e4 {[%emt 0:00:05]} c5 {[%emt 0:00:02]} 2. Nf3 {[%emt 0:00:01]} d6 {[%emt 0:00:01]} 3. Nc3 {[%emt 0:00:00]} Nc6 {[%emt 0:00:01]} 4. Bb5 {[%emt 0:00:00]} Nf6 {[%emt 0:00:01]} 5. Bxc6+ {[%emt 0:00:00]} bxc6 {[%emt 0:00:01]} 6. d3 {[%emt 0:00:00]} Bg4 {[%emt 0:00:01]} 7. Bg5 {[%emt 0:00:00]} Nd7 {[%emt 0:00:01]} 8. h3 {[%emt 0:00:01]} Bxf3 {[%emt 0:00:02]} 9. Qxf3 {[%emt 0:00:00]} Ne5 {[%emt 0:00:01]} 10. Qd1 {[%emt 0:00:02]} Qb6 {[%emt 0:00:01]} 11. Qc1 {[%emt 0:00:01]} e6 {[%emt 0:00:01]} 12. O-O {[%emt 0:00:02]} h6 {[%emt 0:00:01]} 13. Bh4 {[%emt 0:00:01]} Ng6 {[%emt 0:00:01]} 14. Bg3 {[%emt 0:00:01]} Be7 {[%emt 0:00:01]} 15. f4 {[%emt 0:00:01]} Bh4 {[%emt 0:00:02]} 16. Bxh4 {[%emt 0:00:02]} Nxh4 {[%emt 0:00:01]} 17. f5 {[%emt 0:00:01]} c4+ {[%emt 0:00:01]} 18. Kh2 {[%emt 0:00:04]} cxd3 {[%emt 0:00:02]} 19. fxe6 {[%emt 0:00:02]} O-O {[%emt 0:00:05]} 20. e7 {[%emt 0:00:01]} Rfe8 {[%emt 0:00:02]} 21. cxd3 {[%emt 0:00:03]} Rxe7 {[%emt 0:00:01]} 22. Qf4 {[%emt 0:00:01]} Ng6 {[%emt 0:00:02]} 23. Qxd6 {[%emt 0:00:02]} Qxb2 {[%emt 0:00:01]} 24. Qxc6 {[%emt 0:00:03]} Rae8 {[%emt 0:00:07]} 25. Nd5 {[%emt 0:00:04]} Qe5+ {[%emt 0:00:02]} 26. Kh1 {[%emt 0:00:03]} Re6 {[%emt 0:00:00]} 27. Qc4 {[%emt 0:00:03]} Rd6 {[%emt 0:00:02]} 28. Ne3 {[%emt 0:00:01]} Qd4 {[%emt 0:00:02]} 29. Qxf7+ {[%emt 0:00:02]} Kh7 {[%emt 0:00:02]} 30. Rf4 {[%emt 0:00:01]} Nxf4 {[%emt 0:00:01]} 31. Qxf4 {[%emt 0:00:01]} Rde6 {[%emt 0:00:02]} 32. Qf5+ {[%emt 0:00:01]} g6 {[%emt 0:00:03]} 33. Ng4 {[%emt 0:00:00]} gxf5 {[%emt 0:00:01]} 34. exf5 {[%emt 0:00:00] Justwatch terk eder (Lag: Av=0.53s, max=1.1s)} 0-1

[Event "Stay Safe Play From Home 294"]
[Site "Emanuel Lasker Arena"]
[Date "2020.07.10"]
[Round "3"]
[White "Position"]
[Black "Don59as"]
[Result "1-0"]
[WhiteElo "2189"]
[BlackElo "2011"]
[Annotator "NA"]
[PlyCount "89"]
[EventDate "2020.07.10"]
[EventType "swiss (blitz)"]

1. e4 {[%emt 0:00:02]} e5 {[%emt 0:00:05]} 2. Nf3 {[%emt 0:00:01]} Nc6 {[%emt 0:00:01]} 3. Bc4 {[%emt 0:00:02]} d6 {[%emt 0:00:01]} 4. h3 {[%emt 0:00:01]} Be7 {[%emt 0:00:01]} 5. O-O {[%emt 0:00:01]} Nf6 {[%emt 0:00:01]} 6. Re1 {[%emt 0:00:01]} O-O {[%emt 0:00:03]} 7. c3 {[%emt 0:00:00]} Nxe4 {[%emt 0:00:04]} 8. Rxe4 {[%emt 0:00:04]} d5 {[%emt 0:00:00]} 9. Bxd5 {[%emt 0:00:16]} Qxd5 {[%emt 0:00:02]} 10. d3 {[%emt 0:00:04]} Bf5 {[%emt 0:00:02]} 11. Re3 {[%emt 0:00:02]} Rad8 {[%emt 0:00:04]} 12. c4 {[%emt 0:00:02]} Qxc4 {[%emt 0:00:04]} 13. Nxe5 {[%emt 0:00:08]} Nxe5 {[%emt 0:00:02]} 14. Rxe5 {[%emt 0:00:01]} Rxd3 {[%emt 0:00:10]} 15. Qf1 {[%emt 0:00:01]} Be6 {[%emt 0:00:16]} 16. Nc3 {[%emt 0:00:05]} Bf6 {[%emt 0:00:13]} 17. Re4 {[%emt 0:00:02]} Qa6 {[%emt 0:00:17]} 18. Be3 {[%emt 0:00:22]} Rfd8 {[%emt 0:00:08]} 19. Ra4 {[%emt 0:00:07]} Qc6 {[%emt 0:00:06]} 20. Rxa7 {[%emt 0:00:06]} Bc4 {[%emt 0:00:23]} 21. Qe1 {[%emt 0:00:09]} Ba6 {[%emt 0:00:07]} 22. Rc1 {[%emt 0:00:05]} h6 {[%emt 0:00:10]} 23. a3 {[%emt 0:00:43]} Re8 {[%emt 0:00:15]} 24. Ne2 {[%emt 0:00:14]} Qd5 {[%emt 0:00:10]} 25. Nf4 {[%emt 0:00:04]} Qe4 {[%emt 0:00:15]} 26. Nxd3 {[%emt 0:00:02]} Qxd3 {[%emt 0:00:01]} 27. b4 {[%emt 0:00:18]} c6 {[%emt 0:00:03]} 28. a4 {[%emt 0:00:05]} Qb3 {[%emt 0:00:09]} 29. b5 {[%emt 0:00:08]} cxb5 {[%emt 0:00:03]} 30. axb5 {[%emt 0:00:01]} Qxb5 {[%emt 0:00:02]} 31. Qd2 {[%emt 0:00:05]} Qf5 {[%emt 0:00:20]} 32. Qd6 {[%emt 0:00:14]} Rd8 {[%emt 0:00:02]} 33. Qc7 {[%emt 0:00:04]} Rd3 {[%emt 0:00:02]} 34. Ra8+ {[%emt 0:00:02]} Kh7 {[%emt 0:00:01]} 35. Qb8 {[%emt 0:00:06]} Rb3 {[%emt 0:00:04]} 36. Rxa6 {[%emt 0:00:13]} Rxe3 {[%emt 0:00:02]} 37. Rxf6 {[%emt 0:00:02]} Qg5 {[%emt 0:00:05]} 38. fxe3 {[%emt 0:00:05]} Qxe3+ {[%emt 0:00:03]} 39. Rf2 {[%emt 0:00:01]} Qxc1+ {[%emt 0:00:01]} 40. Kh2 {[%emt 0:00:01]} Qc5 {[%emt 0:00:05]} 41. Rxf7 {[%emt 0:00:02]} b5 {[%emt 0:00:01]} 42. Rf8 {[%emt 0:00:01]} b4 {[%emt 0:00:03]} 43. Rh8+ {[%emt 0:00:01]} Kg6 {[%emt 0:00:00]} 44. Qg3+ {[%emt 0:00:01]} Kf7 {[%emt 0:00:01] Don59as resigns} 45. Qf3+ {[%emt 0:00:02] (Lag: Av=1.11s, max=2.2s)} 1-0

[Event "Stay Safe Play From Home 294"]
[Site "Emanuel Lasker Arena"]
[Date "2020.07.10"]
[Round "3"]
[White "Haxhi Baha"]
[Black "Lazieri3"]
[Result "1/2-1/2"]
[WhiteElo "2066"]
[BlackElo "2216"]
[Annotator "TA"]
[PlyCount "28"]
[EventDate "2020.07.10"]
[EventType "swiss (blitz)"]

{[%evp 13,28,26,41,-116,-105,-683,0,0,12,7,0,0,78,68,254,75,131]} 1. e4 c6 2. Nf3 d5 3. Nc3 dxe4 4. Nxe4 Nd7 5. Bc4 Ngf6 6. Neg5 e6 7. Qe2 Nd5 {[#]} 8. Nxf7 $146 {[#] B11: Caro-Kann: Two Knights Variation.} (8. O-O $14 {stays ahead.}) ({Predecessor:} 8. d4 Be7 9. O-O h6 10. Ne4 O-O 11. Bb3 b5 12. a4 b4 13. a5 Rb8 14. Ne5 Qc7 15. Ng3 N7f6 16. Nh5 Nxh5 17. Qxh5 {½-½ (49) Movsesian,S (2710)-Rasmussen,A (2541) Porto Carras 2011}) 8... Kxf7 $17 9. Ng5+ $4 {[%mdl 8192]} ({Avoid the trap} 9. Nd4 $2 Qf6 $19) ({Don't go for} 9. Bxd5 $2 exd5 10. O-O Bd6 $19) (9. d4 $17) 9... Ke8 $2 (9... Qxg5 $19 10. O-O Qe5 11. Qxe5 Nxe5) 10. Nxe6 $11 {White wants to mate with Nc7+!The position is equal.} Qe7 {aiming for ...N7b6.} 11. Bxd5 $1 cxd5 12. Nc7+ {[%mdl 64] [#] Double Attack} Kd8 (12... Kf7 $11) 13. Nxa8 $16 Qxe2+ 14. Kxe2 b6 {Accuracy: White = 27%, Black = 52%.} (14... Bd6 $142) 1/2-1/2

[Event "Stay Safe Play From Home 294"]
[Site "Emanuel Lasker Arena"]
[Date "2020.07.10"]
[Round "3"]
[White "Bellbox"]
[Black "Grizzzly"]
[Result "1-0"]
[WhiteElo "1921"]
[BlackElo "1755"]
[PlyCount "95"]
[EventDate "2020.07.10"]
[EventType "swiss (blitz)"]

1. e4 {[%emt 0:00:01]} c6 {[%emt 0:00:02]} 2. d4 {[%emt 0:00:01]} d5 {[%emt 0:00:03]} 3. Nd2 {[%emt 0:00:00]} dxe4 {[%emt 0:00:01]} 4. Nxe4 {[%emt 0:00:01]} Bf5 {[%emt 0:00:01]} 5. Ng3 {[%emt 0:00:01]} Bg6 {[%emt 0:00:02]} 6. h4 {[%emt 0:00:01]} h6 {[%emt 0:00:02]} 7. Nf3 {[%emt 0:00:00]} Nd7 {[%emt 0:00:01]} 8. Bd3 {[%emt 0:00:01]} Bxd3 {[%emt 0:00:01]} 9. Qxd3 {[%emt 0:00:00]} e6 {[%emt 0:00:01]} 10. Bd2 {[%emt 0:00:01]} Ngf6 {[%emt 0:00:01]} 11. O-O-O {[%emt 0:00:01]} Bd6 {[%emt 0:00:01]} 12. Ne4 {[%emt 0:00:01]} Nxe4 {[%emt 0:00:01]} 13. Qxe4 {[%emt 0:00:00]} Nf6 {[%emt 0:00:01]} 14. Qe2 {[%emt 0:00:01]} Qc7 {[%emt 0:00:01]} 15. Ne5 {[%emt 0:00:04]} O-O-O {[%emt 0:00:12]} 16. Kb1 {[%emt 0:00:07]} Bxe5 {[%emt 0:00:32]} 17. dxe5 {[%emt 0:00:02]} Nd5 {[%emt 0:00:01]} 18. c4 {[%emt 0:00:09]} Nb6 {[%emt 0:00:03]} 19. Ba5 {[%emt 0:00:03]} Rxd1+ {[%emt 0:00:27]} 20. Rxd1 {[%emt 0:00:02]} Rd8 {[%emt 0:00:02]} 21. Rxd8+ {[%emt 0:00:10]} Qxd8 {[%emt 0:00:12]} 22. c5 {[%emt 0:00:01]} Qd5 {[%emt 0:00:03]} 23. cxb6 {[%emt 0:00:03]} Qxa5 {[%emt 0:00:02]} 24. bxa7 {[%emt 0:00:05]} Qxa7 {[%emt 0:00:02]} 25. Qd2 {[%emt 0:00:23]} Qc5 {[%emt 0:00:10]} 26. f4 {[%emt 0:00:06]} Qc4 {[%emt 0:00:17]} 27. a3 {[%emt 0:00:05]} Qf1+ {[%emt 0:00:05]} 28. Ka2 {[%emt 0:00:18]} Qc4+ {[%emt 0:00:02]} 29. b3 {[%emt 0:00:02]} Qe4 {[%emt 0:00:01]} 30. a4 {[%emt 0:00:02]} g5 {[%emt 0:00:12]} 31. hxg5 {[%emt 0:00:03]} hxg5 {[%emt 0:00:01]} 32. g3 {[%emt 0:00:00]} gxf4 {[%emt 0:00:02]} 33. gxf4 {[%emt 0:00:01]} Qd5 {[%emt 0:00:12]} 34. Qb4 {[%emt 0:00:05]} Qg2+ {[%emt 0:00:05]} 35. Ka3 {[%emt 0:00:01]} Qg7 {[%emt 0:00:33]} 36. Qd6 {[%emt 0:00:09]} Qg6 {[%emt 0:00:08]} 37. a5 {[%emt 0:00:06]} Qg8 {[%emt 0:00:17]} 38. Kb4 {[%emt 0:00:03]} Qd8 {[%emt 0:00:01]} 39. Qxd8+ {[%emt 0:00:16]} Kxd8 {[%emt 0:00:01]} 40. Kc5 {[%emt 0:00:00]} Kc7 {[%emt 0:00:02]} 41. b4 {[%emt 0:00:01]} Kd8 {[%emt 0:00:06]} 42. Kd6 {[%emt 0:00:03]} Kc8 {[%emt 0:00:09]} 43. Ke7 {[%emt 0:00:01]} b6 {[%emt 0:00:00]} 44. axb6 {[%emt 0:00:05]} Kb7 {[%emt 0:00:00]} 45. Kxf7 {[%emt 0:00:01]} Kxb6 {[%emt 0:00:00]} 46. Kxe6 {[%emt 0:00:01]} Kb5 {[%emt 0:00:00]} 47. Kd6 {[%emt 0:00:01]} Kxb4 {[%emt 0:00:00]} 48. Kxc6 {[%emt 0:00:01] Grizzzly gibt auf (Lag: Av=0.73s, max=1.4s)} 1-0